000 00708nam a2200217Ia 4500
003 GCL
008 140319s9999 xx 000 0 ara d
040 _aGCL /
_cGCL
082 0 4 _a327.56073
_bع ش
100 1 _aعبدالله خالد
245 1 0 _aالشرق الاوسط وهموم المغتربين من واشنطن الى لاغوس /
_cعبدالله خالد
260 _a[S.N] :
_bدار جروس للنشر والتوزيع
300 _a159 ص
490 _a
650 0 4 _aسوريا
650 0 4 _aالولايات المتحدة الامريكية
650 0 4 _aالشرق الاوسط
650 0 4 _aاسرائيل
650 0 4 _aالعلاقات السياسية
942 _2ddc
_cBK
999 _c54880
_d54880